The lives and exploits of Banditti and Robbers in all parts of the world / (Record no. 158337)

MARC details
000 -LEADER
campo de control de longitud fija 00736nam a22001815i 4500
001 - NÚMERO DE CONTROL
campo de control 158337
003 - IDENTIFICADOR DE NÚMERO DE CONTROL
campo de control ES-MaACL
005 - FECHA Y HORA DE LA ÚLTIMA TRANSACCIÓN
campo de control 20230906211111.0
008 - DATOS DE LONGITUD FIJA--INFORMACIÓN GENERAL
campo de control de longitud fija 040830s1837 xxka |||| | eng d
040 ## - FUENTE DE CATALOGACIÓN
Centro catalogador/agencia de origen CAM
Lengua de catalogación spa
Centro/agencia transcriptor CAM
100 1# - ENTRADA PRINCIPAL--NOMBRE DE PERSONA
Nombre de persona Mac Farlane, Charles T.
9 (RLIN) 129275
245 14 - MENCIÓN DEL TÍTULO
Título The lives and exploits of Banditti and Robbers in all parts of the world /
Mención de responsabilidad, etc. by C. Mac Farlane.
260 ## - PUBLICACIÓN, DISTRIBUCIÓN, ETC.
Lugar de publicación, distribución, etc. London :
Nombre del editor, distribuidor, etc. published by Thomas Tegg and son,
Fecha de publicación, distribución, etc. 1837 (
Fabricante Bradbury and Evans printers)
300 ## - DESCRIPCIÓN FÍSICA
Extensión VIII, 408 p., [4] h. de lám. ;
Dimensiones 16 cm.
599 ## - NOTA A LAS ILUSTRACIONES
NOTA A LAS ILUSTRACIONES Las h. de lám. grab. calc.: "London, Published by Tho\ps\s Tegg & son, Cheapside, 1837"
752 ## - ENTRADA AGREGADA--NOMBRE JERÁRQUICO DEL LUGAR
País o entidad superior Gran Bretaña -
Ciudad Londres
852 ## - LOCALIZACIÓN
Ubicación ES-MaACL
Número de control de estantería G-3950
Nota libre -- Enc. editorial en tela
Holdings
Estatus retirado Estado de pérdida Estado de daño No para préstamo Colección Biblioteca de origen Biblioteca actual Ubicación en estantería Fecha de adquisición Fuente de adquisición Total de préstamos Signatura topográfica completa Código de barras Visto por última vez Precio de reemplazo Tipo de ítem Koha
        Libros del s. XIX Biblioteca del Ateneo de Madrid Biblioteca del Ateneo de Madrid Depósito 2 17/01/2008     G-3950 1165717 23/02/2023 23/02/2023 Libro impreso antiguo